| 000 | 00748nam a2200217 i 4500 | ||
|---|---|---|---|
| 001 | 23270 | ||
| 003 | ES-MaACL | ||
| 005 | 20251108163133.0 | ||
| 007 | t| | ||
| 008 | 021209s1958 ag |||| | spa d | ||
| 100 | 1 |
_aAlonso, Amado. _920182 |
|
| 245 | 1 | 0 |
_aGramática castellana _b: primer curso : manual adaptado a los programas vigentes en la enseñanza secundaria / _cAmado Alonso, Pedro Henríquez Ureña. |
| 250 | _a18ª ed. | ||
| 260 |
_aBuenos Aires : _bLosada, _c1960. |
||
| 300 |
_a432 p. ; _c18 cm. |
||
| 650 | 4 |
_aLengua española- _xGramática. _914161 |
|
| 650 | 4 |
_aLengua española- _vLibros escolares. _9143619 |
|
| 700 |
_aHenríquez Ureña, Pedro, _d1884-1946 _9176516 |
||
| 852 |
_aES-MaACL _jC-20815 |
||
| 999 |
_c23270 _d23270 |
||